000 00808nam a22002537a 4500
999 _c1097
_d1097
001 001452
003 CoMeUDC001452
005 20190131193821.0
008 130821s1996 mx gr spa
020 _a9687529059
040 _aCo-BoUCM
_bspa
_cCoMeUDC
041 _aspa
082 0 4 _a657.76
_220
100 1 _aHansen, Don R.
245 1 0 _aAdministración de costos contabilidad y control
_cDon R. Hansen, Maryanne M. Mowen.
260 _aMéxico D.F. (México)
_bInternational Thomson Editores
_c1996
300 _a502 páginas
504 _aIncluye glosario e índices.
650 0 4 _aContabilidad administrativa
_911739
650 0 4 _aContabilidad de costos
_911744
650 0 4 _aContabilidad
_97449
700 1 _aMowen, Maryanne M.
942 _cBK
_a16
_e1
_mH15
_2ddc
_h657.76